| 000 | 00376nam a2200145Ia 4500 | ||
|---|---|---|---|
| 008 | 150909s9999 xx 000 0 und d | ||
| 041 | _aEnglish | ||
| 082 | _bPRO/1 | ||
| 100 | _aBalakrishnan Nair N | ||
| 100 | _eCompiler | ||
| 245 | _aProceedings of the first Kerala science congress | ||
| 260 | _bDepartment of science and technology | ||
| 260 | _c1989 | ||
| 942 | _cBK | ||
| 999 |
_c252492 _d252492 |
||